Países que fazem fronteira com Brasil - Morte súbita - Statistics

Estatísticas Gerais
  • Esse quiz foi jogado 399 vezes
  • A pontuação média é 7 de 10
Answers on the Grid
Answers color-coded by a green-red scale on the quiz's grid according to % correct below.
Argentina
Bolívia
Peru
Venezuela
Suriname
Guiana
Uruguai
Paraguai
França
Colômbia
Chile
Equador
Nova Granada
Panamá
Espanha
Portugal
Trinidad e Tobago
El Salvador
Estados Unidos
Filipinas
Cuba
Bahamas
República Dominicana
Costa Rica
 
Estatísticas das Respostas
Resposta % Correto
Uruguai
83%
Argentina
80%
Paraguai
79%
Peru
73%
Venezuela
73%
Guiana
70%
Bolívia
69%
Suriname
69%
Colômbia
68%
França
60%
Nenhum quiz correspondente encontrado
Distribuição das Pontuações
Porcentagem de Pessoas com Cada Pontuação
Percentil de Números Respondidos
Sua Pontuação Histórica
Você não jogou esse quiz